[Event "Oviedo rapid"]
[Site "Oviedo"]
[Date "1993.??.??"]
[Round "4"]
[White "Cifuentes Parada, Roberto"]
[Black "Yudasin, Leonid"]
[Result "0-1"]
[WhiteElo "2495"]
[BlackElo "2605"]

1.Nf3 Nf6 2.c4 c5 3.Nc3 e6 4.e4 Nc6 5.Be2 Qc7 6.O-O a6 7.d4 cxd4 8.Nxd4 Bb4
9.Nxc6 dxc6 10.a3 Bxc3 11.bxc3 e5 12.Qc2 O-O 13.a4 a5 14.c5 Qe7 15.Ba3 Be6
16.Rfd1 Rfd8 17.Rd6 Ne8 18.Rad1 Nxd6 19.cxd6 Qd7 20.c4 c5 21.Bxc5 Qc6 22.Ba3 Rac8
23.Qb2 Bxc4 24.Bxc4 Qxc4  0-1

[Event "Oviedo rapid"]
[Site "Oviedo"]
[Date "1993.??.??"]
[Round "5"]
[White "Yudasin, Leonid"]
[Black "Minasian, Artashes"]
[Result "1-0"]
[WhiteElo "2605"]
[BlackElo "2535"]

1.e4 Nc6 2.Nf3 d6 3.d4 Nf6 4.Nbd2 Bg4 5.c3 e6 6.h3 Bh5 7.Qb3 Qc8 8.Bd3 Be7
9.O-O Bg6 10.Re1 a6 11.Qc2 e5 12.a3 Nd7 13.Nf1 Bf6 14.Be3 O-O 15.Ng3 Ne7
16.b4 c5 17.bxc5 dxc5 18.dxe5 Nxe5 19.Nxe5 Bxe5 20.f4 c4 21.Bf1 Bb8 22.Qf2 f6
23.a4 Bf7 24.Be2 Kh8 25.Bf3 Bc7 26.Rab1 Nc6 27.Nf5 Bg6 28.Bg4 Qb8  1-0

[Event "Oviedo rapid"]
[Site "Oviedo"]
[Date "1993.??.??"]
[Round "7"]
[White "Yudasin, Leonid"]
[Black "Ragozin, Evgeni"]
[Result "1-0"]
[WhiteElo "2605"]
[BlackElo "2495"]

1.e4 e5 2.Nf3 Nc6 3.Bb5 Nf6 4.d3 Bd6 5.O-O O-O 6.Bg5 h6 7.Bh4 a6 8.Ba4 b5
9.Bb3 Be7 10.Nbd2 d6 11.c3 Na5 12.Bc2 c5 13.a4 b4 14.cxb4 cxb4 15.d4 Nd7
16.Bg3 Bf6 17.Re1 Qb6 18.Nb3 Rd8 19.Nxa5 Qxa5 20.Bb3 Bb7 21.Nd2 Nb6 22.Qh5 Rf8
23.f4 Nd7 24.Nc4 Qc7 25.dxe5 dxe5 26.Rac1 Rac8  1-0

[Event "Oviedo rapid"]
[Site "Oviedo"]
[Date "1993.??.??"]
[Round "10"]
[White "Illescas Cordoba, Miguel"]
[Black "Yudasin, Leonid"]
[Result "1/2-1/2"]
[WhiteElo "2625"]
[BlackElo "2605"]

1.Nf3 Nf6 2.c4 c5 3.Nc3 d5 4.cxd5 Nxd5 5.g3 g6 6.Bg2 Bg7 7.Ng5 Nxc3 8.bxc3 O-O
9.O-O Nd7 10.Rb1 h6 11.Nf3 e5 12.d3 Rb8 13.Qa4 a6 14.c4 Qc7 15.Nd2 Nf6 16.Bb2 b5
17.Qc2 Be6 18.cxb5 axb5 19.a4 bxa4 20.Qxa4 Rfc8 21.Nc4 Nd5 22.Ra1 Nb6 23.Nxb6 Qxb6
24.Bc3 c4  1/2-1/2

[Event "Oviedo rapid"]
[Site "Oviedo"]
[Date "1993.??.??"]
[Round "12"]
[White "Yudasin, Leonid"]
[Black "Kharlov, Andrei"]
[Result "1/2-1/2"]
[WhiteElo "2605"]
[BlackElo "2535"]

1.e4 c5 2.Nf3 e6 3.d4 cxd4 4.Nxd4 Nf6 5.Nc3 Nc6 6.Nxc6 bxc6 7.e5 Nd5 8.Ne4 Qc7
9.f4 Qb6 10.Bd3 Be7 11.Qe2 f5 12.exf6 Nxf6 13.c3 Nxe4 14.Bxe4 Ba6 15.Qh5+ Kd8
16.Qf3  1/2-1/2

[Event "Oviedo rapid"]
[Site "Oviedo"]
[Date "1993.??.??"]
[Round "13"]
[White "Salov, Valery"]
[Black "Yudasin, Leonid"]
[Result "1/2-1/2"]
[WhiteElo "2685"]
[BlackElo "2605"]

1.Nf3 Nf6 2.c4 b6 3.g3 Bb7 4.Bg2 c5 5.O-O e6 6.Nc3 Be7 7.d4 cxd4 8.Qxd4 Nc6
9.Qf4 O-O 10.Rd1 Qb8 11.b3 Rd8 12.Qxb8 Raxb8 13.Bf4 Rbc8 14.Ne5 d6 15.Nxc6 Bxc6
16.Rd3 Bxg2 17.Kxg2 Rc6 18.Rad1 Ne8 19.e4 a6 20.e5 f6 21.exd6 Nxd6 22.Ne4 e5
23.Be3 Nf7 24.Nc3 Kf8 25.Nd5 Rcd6  1/2-1/2

[Event "Sevilla op"]
[Site "Sevilla"]
[Date "1993.??.??"]
[Round "3"]
[White "Yudasin, Leonid"]
[Black "Lalic, Susan"]
[Result "1-0"]
[WhiteElo "2610"]
[BlackElo "2335"]

1.e4 e6 2.d4 d5 3.Nc3 Nf6 4.e5 Nfd7 5.Nce2 c5 6.c3 b6 7.f4 Ba6 8.Nf3 Nc6
9.a3 Be7 10.g3 g6 11.Bg2 Qc7 12.O-O cxd4 13.cxd4 Na5 14.Rf2 Bc4 15.Nd2 Rc8
16.Nxc4 Qxc4 17.Nc3 Qb3 18.Qe2 Qc4 19.Qd1 Qb3 20.Qf3 O-O 21.f5 gxf5 22.Bh6 Nc6
23.Rd1 Rfd8 24.Qh5 Ncxe5 25.dxe5 Nxe5 26.Bxd5 exd5 27.Rxf5 Ng6 28.Nxd5 Bc5+
29.Kf1 Qxb2 30.Nf6+ Kh8 31.Re1 Bd4 32.Bg7+ Kxg7 33.Qxh7+ Kf8  1-0

[Event "Sevilla op"]
[Site "Sevilla"]
[Date "1993.??.??"]
[Round "4"]
[White "Komljenovic, Davor"]
[Black "Yudasin, Leonid"]
[Result "1/2-1/2"]
[WhiteElo "2475"]
[BlackElo "2610"]

1.d4 Nf6 2.c4 e6 3.Nf3 c5 4.d5 exd5 5.cxd5 d6 6.Nc3 g6 7.h3 Bg7 8.e4 O-O
9.Bd3 a6 10.a4 Re8 11.O-O Nbd7 12.Bf4 Qe7 13.Re1 Nh5 14.Bh2 Qf8 15.a5 Bh6
16.Bf1 f6 17.Na4 Rb8 18.Rb1 Bf4 19.Bxf4 Nxf4 20.g3 Nh5 21.b4 cxb4 22.Rxb4 Qg7
23.Qc1 Qe7 24.Rc4 Qd8 25.Qc3 f5 26.e5 dxe5 27.Nxe5 Nhf6 28.Nb6 Ne4 29.Rexe4 fxe4
30.Rc7 Qf6 31.Ng4 Qxc3 32.Nh6+ Kh8 33.Nf7+ Kg8 34.Nh6+  1/2-1/2

[Event "Sevilla op"]
[Site "Sevilla"]
[Date "1993.??.??"]
[Round "8"]
[White "Mellado Trivino, Juan"]
[Black "Yudasin, Leonid"]
[Result "1/2-1/2"]
[WhiteElo "2410"]
[BlackElo "2610"]

1.d4 Nf6 2.c4 e6 3.Nc3 c5 4.d5 exd5 5.cxd5 d6 6.e4 g6 7.h3 Bg7 8.Nf3 O-O
9.Bd3 Re8 10.O-O Bd7 11.Bf4 c4 12.Bc2 Qb6 13.Rb1 Na6 14.e5 dxe5 15.Nxe5 Rac8
16.Be3 Nc5 17.Bd4 Qa6 18.b4 cxb3 19.axb3 Bf5 20.Bxf5 gxf5 21.Qf3 Nce4 22.Nxe4 fxe4
23.Qg3 Rcd8 24.Ra1 Qd6 25.Rxa7 Nxd5 26.Qxg7+ Kxg7 27.Nc4+ Qf6 28.Bxf6+ Kxf6
29.Rxb7 Rb8 30.Rxb8 Rxb8 31.Re1 Rxb3 32.Rxe4 Rb4 33.Nd2 Rxe4 34.Nxe4+ Kf5
35.f3 Nf4 36.Kf2 h6 37.h4 Ke5 38.g3 Nd5 39.Nd2 Kf5 40.Nc4 Nb4 41.Ne3+ Kg6
42.Ke2 f5 43.Ng2 Kf6 44.Nf4 Nc6 45.Ke3 Ne5 46.Nd3 Nc6 47.Nf4 Ke5 48.Kd3 Kf6
49.Ne2 Ne5+ 50.Ke3 Nc6 51.Nd4 Nb4 52.Nb3 Ke5 53.f4+ Kf6 54.h5 Nd5+ 55.Kf3 Nc7
56.Nc5 Ne8 57.g4 fxg4+ 58.Kxg4 Kf7 59.Ne4 Ke6 60.Kf3 Kd5 61.Ke3 Ng7 62.Ng3 Ne8
63.Nf5 Nf6 64.Ng7 Ng4+ 65.Kf3  1/2-1/2

[Event "Tilburg"]
[Site "Tilburg"]
[Date "1993.??.??"]
[Round "1"]
[White "Yudasin, Leonid"]
[Black "Minasian, Artashes"]
[Result "1/2-1/2"]
[WhiteElo "2605"]
[BlackElo "2535"]

1.e4 g6 2.d4 Bg7 3.Nc3 c6 4.f4 d5 5.e5 Nh6 6.Nf3 Bg4 7.Be3 Qb6 8.Qd2 Bxf3
9.gxf3 Nf5 10.O-O-O e6 11.Bd3 Nxe3 12.Qxe3 Nd7 13.Kb1 O-O-O 14.Ne2 Kb8 15.c4 dxc4
16.Bxc4 Qb4 17.Qc3 Qe7 18.Bb3 Nb6 19.Rhg1 Rd7 20.Qe3 Rhd8 21.Ng3 Nd5 22.Bxd5 Rxd5
23.Ne4 Qb4 24.a3 Qb6 25.Nc5 Bf8 26.Na4 Qa6 27.Nc3 R5d7 28.Rd2 Qc4 29.Rc1 Qb3
30.Rd3 Qb6 31.Rcd1 Be7 32.Ne4 Qa5 33.R1d2 Qa6 34.Rb3 Qa4 35.Rbd3 h5 36.Nc3 Qa6
37.Rd1 Qc4 38.Qe4 Qa6 39.Qe3 Qc4 40.Qe4 Bc5 41.d5 Qxe4 42.Nxe4 Bb6 43.d6 Rh8
44.Nf6 Rdd8 45.b4 Bf2 46.d7 Bh4 47.Ne8 Be7 48.Rg1 h4 49.h3 Rh5 50.Kc2 Rf5
51.Rg4 Rh5 52.Kb3 a6 53.Rg2 Rf5 54.Rg4 Rh5 55.Rg2  1/2-1/2

[Event "Tilburg"]
[Site "Tilburg"]
[Date "1993.??.??"]
[Round "2"]
[White "Salov, Valery"]
[Black "Yudasin, Leonid"]
[Result "1/2-1/2"]
[WhiteElo "2685"]
[BlackElo "2605"]

1.d4 Nf6 2.c4 e6 3.Nc3 Bb4 4.Qc2 c5 5.dxc5 Qc7 6.Nf3 Bxc5 7.Bg5 Be7 8.e4 d6
9.Nb5 Qa5+ 10.Bd2 Qd8 11.O-O-O Bd7 12.Nxd6+ Bxd6 13.e5 Be7 14.exf6 Bxf6 15.Bd3 Nc6
16.Be4 Rc8 17.Kb1 Qc7 18.c5 Ne7  1/2-1/2

[Event "Tilburg"]
[Site "Tilburg"]
[Date "1993.??.??"]
[Round "2"]
[White "Yudasin, Leonid"]
[Black "Salov, Valery"]
[Result "1-0"]
[WhiteElo "2605"]
[BlackElo "2685"]

1.e4 c5 2.Nf3 Nc6 3.Bb5 e6 4.O-O Nge7 5.Re1 a6 6.Bxc6 Nxc6 7.d4 cxd4 8.Nxd4 d6
9.Nc3 Bd7 10.Nxc6 bxc6 11.e5 d5 12.Qg4 h5 13.Qg3 h4 14.Qg4 h3 15.g3 Qb6 16.a3 c5
17.Ne2 Qa5 18.c3 Qa4 19.b4 a5 20.Rb1 axb4 21.axb4 Qa2 22.Be3 Qc4 23.Qxc4 dxc4
24.bxc5 Rc8 25.Red1 Bxc5 26.Bxc5 Rxc5 27.Rb8+ Bc8 28.f4 g5 29.fxg5 Rg8 30.Nd4 Rxg5
31.Nb5 Rgxe5 32.Nd6+ Kd7 33.Nxc8+ Kc7 34.Rdb1 Re2 35.R1b7+ Kc6 36.Rxf7 Rg2+
37.Kh1 Ra5 38.Ra7 Rxa7 39.Nxa7+ Kd5 40.Rb1 Re2 41.Nb5 e5 42.g4 e4 43.g5 e3
44.Rg1 Rf2 45.g6 e2 46.Nd4  1-0

[Event "EUCup Gr"]
[Site "Baile Herculane"]
[Date "1994.??.??"]
[Round "2"]
[White "Bogdanovski, Vlatko"]
[Black "Yudasin, Leonid"]
[Result "1/2-1/2"]
[WhiteElo "2515"]
[BlackElo "2625"]

1.d4 Nf6 2.Nf3 e6 3.g3 b6 4.Bg2 Bb7 5.c4 Be7 6.Nc3 O-O 7.Qc2 d5 8.cxd5 exd5
9.O-O Na6 10.Rd1 Qc8 11.a3 Rd8 12.Bf4 c5 13.Rac1 Nc7 14.Be5 Ne6 15.Bxf6 Bxf6
16.e3 Qc7 17.Qf5 Qe7 18.Rd2 Rac8 19.Rcd1 g6 20.Qb1 Bg7 21.Qa2 a6 22.Ne5 cxd4
23.exd4 Nxd4 24.Rxd4 Qxe5 25.R4d2 b5 26.Qb3 h5 27.a4 Rb8 28.Nxd5 bxa4 29.Qxa4 Kh7
30.b3 Rd6 31.Qe4 Qxe4 32.Bxe4 Bc8 33.Rd3 Bf6 34.Nf4 Rxd3 35.Rxd3 Be5 36.Bd5 Bf5
37.Re3 Bxf4 38.gxf4 f6 39.Bc4 a5 40.Kg2 Rb4 41.Rc3 Kg7 42.Kg3 Kf8 43.Rc1 Bd7
44.Kf3 Bb5  1/2-1/2

[Event "EUCup Gr"]
[Site "Baile Herculane"]
[Date "1994.??.??"]
[Round "3"]
[White "Kengis, Edvins"]
[Black "Yudasin, Leonid"]
[Result "1/2-1/2"]
[WhiteElo "2565"]
[BlackElo "2625"]

1.d4 Nf6 2.Nf3 e6 3.g3 c5 4.Bg2 Nc6 5.O-O Qb6 6.dxc5 Bxc5 7.Nbd2 d5 8.Nb3 Be7
9.Be3 Qa6 10.Qd3 b6 11.Nbd4 Nxd4 12.Bxd4 O-O 13.Ne5 Bb7 14.Rfc1 Rac8 15.a4 Bc5
16.Qxa6 Bxa6 17.e3 Rfd8 18.a5 Bb5 19.axb6  1/2-1/2

[Event "ESP-chT"]
[Site "Cala Galdana"]
[Date "1994.??.??"]
[Round "?"]
[White "Pigusov, Evgeny"]
[Black "Yudasin, Leonid"]
[Result "1/2-1/2"]
[WhiteElo "2570"]
[BlackElo "2625"]

1.Nf3 d6 2.d4 Nf6 3.g3 g6 4.Bg2 Bg7 5.c4 O-O 6.O-O c6 7.Nc3 Bf5 8.b3 Ne4
9.Bb2 Nxc3 10.Bxc3 Be4 11.e3 Nd7 12.Rc1 d5 13.Qe2 Nf6 14.Bh3 Bf5 15.Bxf5 gxf5
16.Rfd1 Rc8 17.Ne5  1/2-1/2

[Event "ESP-chT"]
[Site "Cala Galdana"]
[Date "1994.??.??"]
[Round "?"]
[White "Suba, Mihai"]
[Black "Yudasin, Leonid"]
[Result "0-1"]
[WhiteElo "2525"]
[BlackElo "2625"]

1.c4 c5 2.Nf3 Nf6 3.Nc3 b6 4.e4 d6 5.d4 cxd4 6.Nxd4 Bb7 7.Bd3 e6 8.O-O Be7
9.b3 O-O 10.Bb2 Nbd7 11.Qd2 Re8 12.Rfe1 Bf8 13.Re3 g6 14.Rh3 Nc5 15.Re1 Nxd3
16.Rxd3 Nd7 17.f4 Bh6 18.Rh3 Bg7 19.Rf1 e5 20.fxe5 dxe5 21.Nc2 Nc5 22.Qf2 Qe7
23.Ba3 Rad8 24.Rf3 f5 25.exf5 Bxf3 26.Qxf3 e4 27.Qh3 Bxc3 28.Qxc3 Qe5 29.Qxe5 Rxe5
30.fxg6 e3 31.gxh7+ Kxh7 32.Re1 Nd3 33.Rxe3 Rxe3 34.Nxe3 Re8 35.Nf1 Re2 36.Bd6 Rxa2
37.h4 Rb2 38.h5 Rxb3 39.Nd2 Rb2 40.Nf3 Re2 41.g4 Re4 42.g5 Nf4 43.g6+ Kg8  0-1

[Event "ESP-chT"]
[Site "Cala Galdana"]
[Date "1994.??.??"]
[Round "?"]
[White "Campora, Daniel H"]
[Black "Yudasin, Leonid"]
[Result "1/2-1/2"]
[WhiteElo "2535"]
[BlackElo "2625"]

1.e4 c5 2.c3 Nf6 3.e5 Nd5 4.d4 cxd4 5.Qxd4 e6 6.Nf3 Nc6 7.Qe4 d6 8.Nbd2 dxe5
9.Nxe5 Nxe5 10.Qxe5 Qd6 11.Bb5+ Bd7 12.Bxd7+ Qxd7 13.O-O Qc7 14.Qe4 Bd6 15.Nf3 O-O  1/2-1/2

[Event "ESP-chT"]
[Site "Cala Galdana"]
[Date "1994.??.??"]
[Round "?"]
[White "Yudasin, Leonid"]
[Black "Etchegaray, Patrice"]
[Result "1-0"]
[WhiteElo "2625"]
[BlackElo "2395"]

1.e4 Nf6 2.e5 Nd5 3.d4 d6 4.Nf3 dxe5 5.Nxe5 Nd7 6.Nf3 g6 7.Bc4 N7b6 8.Bb3 Bg7
9.O-O O-O 10.Nbd2 a5 11.a4 c6 12.Re1 Nc7 13.c3 Be6 14.Bc2 Bd5 15.Ne5 Nd7
16.Nd3 b6 17.Nf4 e5 18.Nxd5 Nxd5 19.Nf3 Re8 20.Bg5 Qc7 21.dxe5 Nxe5 22.Bb3 Nxf3+
23.Qxf3 Re5 24.Rxe5 Qxe5 25.Bd2 Rd8 26.g3 Qf6 27.Kg2 Qxf3+ 28.Kxf3 Bf6 29.Rd1 Kg7
30.Bc1 Be7 31.h3 Rd7 32.Be3 Bc5 33.Bxd5 Rxd5 34.Rxd5 cxd5 35.Bxc5 bxc5 36.b4 cxb4
37.cxb4 axb4 38.Ke3 b3 39.Kd3 d4 40.a5 b2 41.Kc2  1-0

[Event "ESP-chT"]
[Site "Cala Galdana"]
[Date "1994.??.??"]
[Round "?"]
[White "Yudasin, Leonid"]
[Black "Illescas Cordoba, Miguel"]
[Result "1/2-1/2"]
[WhiteElo "2625"]
[BlackElo "2590"]

1.e4 c5 2.Nf3 e6 3.Nc3 Nc6 4.Bb5 Nd4 5.O-O a6 6.Bd3 Nc6 7.Be2 Nge7 8.d4 Nxd4
9.Nxd4 cxd4 10.Qxd4 Nc6 11.Qd3 Bc5 12.a3 O-O 13.Be3 Bxe3 14.Qxe3 b5 15.Rad1 Qc7
16.Qc5 Qa7 17.Qd6 f6 18.a4 b4 19.Na2 Qb8 20.Nc1 Qxd6 21.Rxd6 Ra7 22.Nb3 Rc7
23.Rfd1 Kf7 24.R1d2 Ke7 25.f3 f5 26.Nc5 fxe4 27.Nxe4 Rf5 28.Kf2 Ra5 29.b3 Bb7
30.f4 Rf5 31.Ke3 a5 32.g3 Na7 33.Bf3 Nc8 34.R6d4 h6 35.Nf2 Bxf3 36.Kxf3 Rfc5
37.Ke2 Nb6 38.Kd1 Nd5 39.R4d3 Nc3+ 40.Kc1 g5 41.Ng4 gxf4 42.gxf4 Rf5 43.Rf3 Nd5
44.Rdf2 h5 45.Ne3 Nxe3 46.Rxe3 Rc8 47.Rg3 Rcf8 48.Rg7+ R8f7 49.Rxf7+ Rxf7
50.Kd2 d6 51.Ke3 Kf6 52.Rg2 Rc7 53.Rg5 Rxc2 54.Rxh5 d5 55.Rh6+ Kf5 56.Rh5+ Kf6
57.Rh6+ Kf5 58.Rh5+ Kg6 59.Rh8 Rc3+ 60.Kd4 Rxb3 61.Ra8 Kf5 62.Rxa5 Rc3 63.Rb5 Rc4+
64.Kd3 Kxf4 65.a5 Ke5 66.a6 Rc3+ 67.Kd2 Ra3 68.Rb6 Ra2+ 69.Kd3 Rxh2 70.Rxb4 Ra2
71.Rb6 Ra3+ 72.Kc2 d4 73.Kb2 Ra5 74.Kb3 Kd5 75.Kb4 Ra1 76.Rb5+ Kc6 77.Rh5 Rxa6
78.Kc4 Ra4+ 79.Kd3 Kd6 80.Rb5 Kc6 81.Re5 Kd6 82.Rb5 Kd7 83.Rg5 Ke7 84.Rc5 Rb4
85.Rh5 Kf6 86.Ke4 Kf7 87.Rc5 Ra4 88.Kd3 Ke7 89.Rh5 Rb4 90.Rc5 Kd6 91.Ra5 e5
92.Ke4 Rc4 93.Rd5+ Kc6 94.Rxe5 Rc5  1/2-1/2

[Event "PCA/Intel-GP"]
[Site "Moscow"]
[Date "1994.??.??"]
[Round "1"]
[White "Yudasin, Leonid"]
[Black "Kramnik, Vladimir"]
[Result "1/2-1/2"]
[WhiteElo "2625"]
[BlackElo "2710"]

1.e4 c5 2.Nf3 Nc6 3.Bb5 g6 4.O-O Bg7 5.Bxc6 dxc6 6.d3 Bg4 7.Nbd2 Nf6 8.Nc4 Nd7
9.Ne3 Bxf3 10.Qxf3 Nf8 11.Rd1 Ne6 12.c3 Qd7 13.a4 O-O 14.h4 h5 15.g4 hxg4
16.Qxg4 Rad8 17.h5 gxh5 18.Qxh5 Nf4 19.Qh2 Be5 20.Kf1 Qh3+ 21.Qxh3 Nxh3 22.Ng4 Bf4
23.Ne3 f6 24.Kg2 Ng5 25.Nf5 Bxc1 26.Raxc1 Kf7 27.f4 Ne6 28.Kf3 Rh8 29.d4 cxd4
30.cxd4 Rh3+ 31.Kg4 Rb3 32.Nh6+ Kg7 33.d5 cxd5 34.exd5 Kxh6 35.dxe6 f5+ 36.Kxf5 Rf8+
37.Ke5 Re3+ 38.Kd4 Rxe6 39.Rh1+ Kg6 40.Rhg1+ Kf7 41.Rc7 Rd8+ 42.Kc3 Re3+
43.Kc2 Re2+ 44.Kb3 Rd3+ 45.Ka2 Rd4 46.Ka3 Re3+ 47.b3 Rxf4 48.Rxb7 a6 49.Rh1 Kg7
50.Rh5 Rf6 51.Ra7 Kg6 52.Rh4 e5 53.a5 e4 54.Rb7 Re1 55.Rb6 e3 56.Kb4 Rd1
57.Rxf6+ Kxf6 58.Re4 Re1 59.Kc5 Kf5 60.Re8 Kf4 61.Re6 e2 62.Kb6 Kf3 63.Rf6+ Ke3
64.Re6+ Kf3 65.Rf6+ Ke4  1/2-1/2

[Event "Moscow PCA-op rapid"]
[Site "Moscow"]
[Date "1994.??.??"]
[Round "2"]
[White "Makarichev, Sergey"]
[Black "Yudasin, Leonid"]
[Result "0-1"]
[WhiteElo "2540"]
[BlackElo "2625"]

1.e4 c5 2.Nf3 d6 3.d4 cxd4 4.Nxd4 Nf6 5.Nc3 Nc6 6.g3 e6 7.Bg2 Bd7 8.O-O Be7
9.Nce2 O-O 10.c4 a6 11.Bd2 Qc7 12.Rc1 Rfd8 13.Re1 Be8 14.Bc3 Rac8 15.Qd2 Qb8
16.Nxc6 bxc6 17.h3 c5 18.Nf4 Nd7 19.Ba5 Nb6 20.b3 Bf6 21.Nh5 Bd4 22.Bc3 Bxc3
23.Rxc3 f6 24.Nf4 Bf7 25.h4 e5 26.Nd5 Nxd5 27.cxd5 Qb4 28.Rec1 Be8 29.Qe2 Bb5
30.Qf3 Bd7 31.Bf1 a5 32.a4 Rf8 33.g4 Rb8 34.Bc4 g6 35.Qg3 Kh8 36.f4 Rbe8
37.Kh1 f5 38.gxf5 gxf5 39.Qg5 exf4 40.Rg1 Qxc3  0-1

[Event "Moscow ol (Men)"]
[Site "Moscow"]
[Date "1994.??.??"]
[Round "5"]
[White "Yudasin, Leonid"]
[Black "Ljubojevic, Ljubomir"]
[Result "1-0"]
[WhiteElo "2625"]
[BlackElo "2580"]

1.e4 c5 2.Nf3 d6 3.d4 cxd4 4.Nxd4 Nf6 5.Nc3 g6 6.Be3 Bg7 7.f3 Nc6 8.Qd2 O-O
9.Bc4 Bd7 10.h4 Rc8 11.Bb3 h5 12.O-O-O Ne5 13.Bg5 Rc5 14.g4 hxg4 15.f4 Nc6
16.e5 Nxd4 17.Qxd4 Bc6 18.Rhe1 Bf3 19.Rd2 Nh7 20.Qxc5 dxc5 21.Rxd8 Rxd8 22.Bxe7 Rc8
23.Bd5 Bf8 24.Bxf3 gxf3 25.Bg5 Kg7 26.Rf1 f6 27.exf6+ Nxf6 28.Rxf3 Rc6 29.Rd3 c4
30.Rd8 a6 31.Nd5 Nxd5 32.Rxd5 Rd6 33.Re5 Rd7 34.c3 Bd6 35.Re4 b5 36.Re6 a5
37.Kc2 a4 38.a3 Bc7 39.Rc6 Rf7 40.Rc5 Bxf4 41.Rxb5 Bxg5 42.Rxg5 Rf2+ 43.Kb1 Rf1+
44.Ka2 Rf5 45.Rg4 Rc5 46.Kb1 Kh6 47.Kc2 Kh5 48.Re4 Rc6 49.Kd2 Rd6+ 50.Ke2 Rc6
51.Ke3 Rc8 52.Kd4 Rb8 53.Kxc4 Rxb2 54.Kd3 g5 55.hxg5 Kxg5 56.Rxa4 Kf6 57.Re4 Ra2
58.Kd4 Rxa3 59.c4 Ra8 60.Kd5 Rd8+ 61.Kc6 Kf5 62.Re7 Kf6 63.Rd7 Ra8 64.Kd5 Ra1
65.c5 Rd1+ 66.Kc6 Rc1 67.Kd6 Rd1+ 68.Kc7 Rc1 69.c6 Ke6 70.Rd2 Rc3 71.Kb7 Rb3+
72.Kc8  1-0

[Event "Moscow PCA-op rapid"]
[Site "Moscow"]
[Date "1994.??.??"]
[Round "6"]
[White "Golubev, Mihail"]
[Black "Yudasin, Leonid"]
[Result "0-1"]
[WhiteElo "2560"]
[BlackElo "2625"]

1.e4 c6 2.d4 d5 3.Nc3 dxe4 4.Nxe4 Nd7 5.Ng5 Ngf6 6.Bc4 e6 7.Qe2 Nb6 8.Bd3 h6
9.N5f3 c5 10.dxc5 Bxc5 11.Ne5 Qc7 12.Ngf3 O-O 13.O-O Nbd7 14.Bf4 Bd6 15.Rae1 Nc5
16.Bc4 a6 17.Rd1 b5 18.Bb3 Nh5 19.Bd2 Bb7 20.Ba5 Qxa5 21.Rxd6 Nf6 22.Qe3 Qc7
23.Rd4 Rad8 24.Ng4 Nxg4 25.Rxg4 Nxb3 26.cxb3 Bxf3 27.gxf3 Kh8 28.Kh1 Rd5
29.Rfg1 Rh5 30.R1g3 g6 31.a4 Kh7 32.axb5 axb5 33.b4 Rd8 34.Rf4 Rdd5 35.Kg2 Rhf5
36.Rxf5 Rxf5 37.Rg4 Qe5 38.Qxe5 Rxe5 39.Rd4 Rd5 40.Re4 Kg7 41.Kf1 Rd1+ 42.Ke2 Rb1
43.Ke3 Rxb2 44.Rd4 Kf6 45.f4 Kf5 46.Kf3 Rb3+ 47.Kg2 f6 48.h3 Rc3 49.h4 h5  0-1

[Event "Moscow ol (Men)"]
[Site "Moscow"]
[Date "1994.??.??"]
[Round "12"]
[White "Yudasin, Leonid"]
[Black "Spangenberg, Hugo"]
[Result "1-0"]
[WhiteElo "2625"]
[BlackElo "2530"]

1.e4 c5 2.Nf3 Nc6 3.d4 cxd4 4.Nxd4 g6 5.Nc3 Bg7 6.Be3 Nf6 7.Bc4 O-O 8.Bb3 e6
9.O-O d5 10.exd5 exd5 11.f3 Re8 12.Bf2 a6 13.Nxc6 bxc6 14.Na4 Bf5 15.Qd2 Nd7
16.Rfe1 Ne5 17.Rad1 Qf6 18.Nc5 h5 19.c3 g5 20.Bd4 Qg6 21.Qf2 Re7 22.Kh1 Rae8
23.Re3 h4 24.Rde1 g4 25.f4 g3 26.Qe2 Ng4 27.Rxe7 Rxe7 28.Qxe7 Bxd4 29.cxd4 Nf2+
30.Kg1 gxh2+ 31.Kxf2 Qg3+ 32.Ke2 Qxg2+ 33.Kd1 h1=Q 34.Rxh1 Qxh1+ 35.Kd2 Qg2+
36.Kc3 h3 37.Qe8+ Kg7 38.Qxc6 h2 39.Bxd5 Qc2+ 40.Kb4 Qxb2+ 41.Ka5 Qxd4 42.Kxa6 Qxf4
43.a4 Qb8 44.a5 Bg4 45.Nb7 Be2+ 46.Kb6 Qe5 47.Nd6 f5 48.a6 Qd4+ 49.Kb7 Qb4+
50.Ka8 Kf6 51.Nf7+ Ke7 52.Qb7+  1-0

[Event "PCA-op"]
[Site "New York"]
[Date "1994.??.??"]
[Round "3"]
[White "Yudasin, Leonid"]
[Black "Wojtkiewicz, Aleksander"]
[Result "1/2-1/2"]
[WhiteElo "2625"]
[BlackElo "2560"]

1.e4 c5 2.Nf3 d6 3.d4 cxd4 4.Nxd4 a6 5.Nc3 Nf6 6.Be3 e5 7.Nf3 Be7 8.Bc4 O-O
9.a4 Nc6 10.O-O Be6 11.Nd2 Rc8 12.Re1 Na5 13.Bd3 Ng4 14.Nf1 Bg5 15.Qe2 Nc6
16.Bxg5 Qxg5 17.Qf3 Nf6 18.Ne3 Nd4 19.Qg3 Qxg3 20.hxg3 g5 21.f3 h5 22.Kf2 Kg7
23.Ne2 Nxe2 24.Rxe2 Rh8 25.b3 Rhd8 26.Rd1 d5 27.exd5 Nxd5 28.Nxd5 Rxd5 29.c4 Rdc5
30.b4 R5c6 31.Rxe5 Kf6 32.Ra5 Rd6 33.Ke1 Rcd8 34.Be2 Rxd1+ 35.Bxd1 Bxc4 36.f4 gxf4
37.gxf4 Rd4 38.Rxh5 Rxf4 39.Bf3 Be6  1/2-1/2

[Event "PCA-op"]
[Site "New York"]
[Date "1994.??.??"]
[Round "4"]
[White "Hjartarson, Johann"]
[Black "Yudasin, Leonid"]
[Result "1/2-1/2"]
[WhiteElo "2585"]
[BlackElo "2625"]

1.c4 Nf6 2.Nc3 c5 3.g3 Nc6 4.Bg2 g6 5.a3 Bg7 6.Rb1 a5 7.e3 d6 8.d3 O-O 9.Nge2 Bf5
10.h3 h5 11.b3 Rb8 12.Bb2 e5 13.O-O Na7 14.f4 exf4 15.Nxf4 b5 16.Qd2 Be6
17.Nce2 Bd7 18.Nc3 Be6 19.Ba1 a4 20.Nxe6 fxe6 21.b4 cxb4 22.Rxb4 bxc4 23.Rxa4 Nb5
24.Nxb5 Rxb5 25.Rxc4 Rg5 26.Rcf4 e5 27.R4f3 Nh7 28.a4 Rgf5 29.a5 Bh6 30.Rxf5 gxf5
31.Kh1 h4 32.g4 fxg4 33.hxg4 Rxf1+ 34.Bxf1 Qc8 35.d4 Nf6 36.dxe5 dxe5 37.Bxe5 Bg5
38.Qa2+ Kg7 39.Qc4 Qa8+ 40.Bg2 Qxa5 41.Qe6 h3 42.Qe7+ Kg8 43.Qe6+ Kg7 44.Qe7+ Kg8
45.Bxf6 hxg2+ 46.Kxg2 Qd2+ 47.Kh3 Qxe3+  1/2-1/2

[Event "PCA-op"]
[Site "New York"]
[Date "1994.??.??"]
[Round "10"]
[White "Hodgson, Julian M"]
[Black "Yudasin, Leonid"]
[Result "1-0"]
[WhiteElo "2580"]
[BlackElo "2625"]

1.d4 Nf6 2.Bg5 e6 3.e4 h6 4.Bxf6 Qxf6 5.Nc3 Bb4 6.Qd2 c5 7.a3 Bxc3 8.bxc3 d6
9.f4 O-O 10.Nf3 Nc6 11.Bb5 Na5 12.Bd3 b6 13.O-O Bb7 14.Rae1 Rac8 15.e5 Qe7
16.f5 dxe5 17.Nxe5 cxd4 18.f6 Qc5 19.Qf4 dxc3+ 20.Rf2 g5 21.Qg4 Rfd8 22.Qh5 Qf8
23.Ng4 Rxd3 24.Nxh6+ Kh7 25.Nf5+ Kg8 26.Qxg5+ Kh7 27.Qh5+ Kg8 28.Ne7+ Qxe7
29.Qg5+ Kf8 30.fxe7+ Ke8 31.cxd3 c2 32.Qg8+ Kxe7 33.Qxf7+ Kd6 34.Qxe6+ Kc5
35.Rxc2+  1-0

[Event "Pamplona9495"]
[Site "Pamplona"]
[Date "1994.??.??"]
[Round "?"]
[White "Yudasin, Leonid"]
[Black "Zvjaginsev, Vadim"]
[Result "1/2-1/2"]
[WhiteElo "2615"]
[BlackElo "2585"]

1.e4 c5 2.Nf3 Nc6 3.d4 cxd4 4.Nxd4 Qc7 5.Nb5 Qb8 6.Bd3 e6 7.O-O Nf6 8.f4 d6
9.c4 Be7 10.N1c3 a6 11.Na3 O-O 12.Be3 Re8 13.Kh1 Bd8 14.Rc1 b6 15.Qf3 Nb4
16.Bb1 Ra7 17.Rce1 Nd7 18.Bd2 Nc5 19.e5 g6 20.Ne4 Nxe4 21.Bxe4 d5 22.Bxg6 fxg6
23.Bxb4 Bd7 24.Qf2 Qa8 25.Rc1 d4 26.Rfd1 g5 27.Rxd4 Bc6 28.fxg5 Bxg5 29.Rg4 Rg7
30.Qg3 Qd8 31.h4 Bxc1 32.Rxg7+ Kh8 33.Rg4 h5 34.Rg6 Rg8 35.Rxg8+ Qxg8 36.Qxg8+ Kxg8
37.Bc3 Be4 38.c5 b5 39.c6 Bxc6 40.Nc2 Kf7 41.Nd4 Bd5 42.a3 Be3 43.Kh2 Bxd4  1/2-1/2

[Event "Pamplona9495"]
[Site "Pamplona"]
[Date "1994.??.??"]
[Round "?"]
[White "Yudasin, Leonid"]
[Black "Franco Ocampo, Zenon"]
[Result "1/2-1/2"]
[WhiteElo "2615"]
[BlackElo "2495"]

1.e4 e5 2.Nf3 d6 3.Bc4 Be7 4.O-O Nf6 5.Re1 O-O 6.d4 Nbd7 7.c3 exd4 8.cxd4 d5
9.Bxd5 Nxd5 10.exd5 Nb6 11.Nc3 Bb4 12.Qb3 Bxc3 13.bxc3 Qxd5 14.Ba3 Rd8 15.Re5 Qxb3
16.axb3 f6 17.Ree1 Bg4 18.Nd2 a5 19.f3 Bh5 20.Bc5 Nc8 21.Ne4 Bf7 22.Reb1 b6
23.Ba3 Na7 24.Be7  1/2-1/2

[Event "Pamplona9495"]
[Site "Pamplona"]
[Date "1994.??.??"]
[Round "?"]
[White "Topalov, Veselin"]
[Black "Yudasin, Leonid"]
[Result "1/2-1/2"]
[WhiteElo "2645"]
[BlackElo "2615"]

1.e4 c6 2.d4 d5 3.exd5 cxd5 4.c4 Nf6 5.Nc3 e6 6.a3 dxc4 7.Bxc4 Be7 8.Nf3 O-O
9.O-O Bd7 10.Qe2 Bc6 11.Rd1 Bd5 12.Nxd5 Nxd5 13.Bd3 Nd7 14.Qe4 g6 15.Bh6 Re8
16.Ne5 Bf8 17.Bd2 Bg7 18.Bb5 N7f6 19.Qf3 Rf8 20.Bc4 Qd6 21.Rac1 Rac8 22.g4 Qe7
23.h4 Rfd8 24.Ba5 b6 25.Bd2 Rc7 26.Ba6 Rxc1 27.Rxc1 Rf8 28.Bb5 a5 29.h5 Nc7
30.Bd3 Nfd5 31.Kg2 f6 32.Nc6 Qe8 33.b4 axb4 34.Bxb4 Bh6 35.Ne7+ Kg7 36.Nxd5 Nxd5
37.Bxf8+  1/2-1/2

[Event "Pamplona9495"]
[Site "Pamplona"]
[Date "1994.??.??"]
[Round "?"]
[White "Comas Fabrego, Luis"]
[Black "Yudasin, Leonid"]
[Result "1/2-1/2"]
[WhiteElo "2490"]
[BlackElo "2615"]

1.d4 Nf6 2.c4 e6 3.Nc3 Bb4 4.Bg5 h6 5.Bh4 c5 6.d5 d6 7.e3 Bxc3+ 8.bxc3 e5
9.Bd3 e4 10.Bc2 Qe7 11.Bxf6 Qxf6 12.Ne2 Qe5 13.Qb1 f5 14.h4 Nd7 15.h5 Kd8
16.Qb3 Qe7 17.Nf4 Ne5 18.a4 a5 19.Bd1 Rb8 20.Be2 b6 21.Kd2 Kc7 22.Rab1 Rb7
23.Kc2 Kb8 24.Kb2 Ka7 25.Ka3  1/2-1/2